MDQL
is popping MORE tags! Check the
thread
!
Quizzes
Events
Quiz Creation
Community
Videos
Private Events
Remove Ads
Sign In
Join for FREE
Feedback
Dark Mode
Quiz Categories
Sports
Geography
Music
Movies
Television
Just For Fun
Miscellaneous
History
Literature
Language
Science
Gaming
Entertainment
Religion
Holiday
For Kids
Quiz Lab
Recent
Popular Today
Quiz Kudos Today
Editor Picks
Curator Picks
Quizzes by...
Day
Popularity
Type
Ratings
Length
Year
Community
Subscriptions
Recent Discussions
Orange Saloon
Badges
Playlists
Quests
Create
Leaderboards
Showdown
Live 5
Trivia Bingo
Activity
Puzzle Library
Sporcle Events
Private Events
Virtual Trivia
Globe League
Become a Host
Pub Owners
SporcleCon
Opinionation
Our Games
Videos
Blog
Mobile Apps
Partnerships
Remove Ads and Go Orange
Feedback
Gaming
Video Games
Board Games
Card Games
Pokémon
Mario
Nintendo
Minecraft
Console
Toys
Legend of Zelda
Gaming
Video Games
Board Games
Card Games
Pokémon
Mario
Nintendo
Minecraft
Console
Toys
Legend of Zelda
Random Quiz
Search Sporcle
×
Quiz Lab
Quiz Lab
Gaming
Pokémon
Type in answers that appear in a list
Type in answers that appear in a list
Classic
Best Score? Go Orange.
Gift Pokemon Stats
Can you name the Pokemon that are given to you without trading or catching?
By
enation24
10m
122 Questions
225 Plays
225 Plays
225 Plays
Comments
Comments
Give Quiz Kudos
Give Quiz Kudos
-
- Ratings
hide this ad
More Info
Replay
Link that replays current quiz
Next Quiz
Link to next quiz in quiz playlist
You Got
0%
They Got
Avg Score
75%
Avg Friend Score
Upgrade to see
Score Distribution
Jump to the score distribution portion of the page
Score
0/122
Timer
10:00
0
Plays Today
Game Recieved In
Pokemon Received
% Correct
X and Y
Bulbasaur
99.5%
X and Y
Charmander
99.5%
X and Y
Squirtle
99.5%
Crystal
Pikachu
98.1%
X and Y
Kabuto
97.8%
Red/
Blue/
Yellow/
FireRed/
LeafGreen
Bulbasaur
97.8%
Red/
Blue/
Yellow/
FireRed/
LeafGreen
Charmander
97.8%
Red/
Blue/
Yellow/
FireRed/
LeafGreen
Squirtle
97.8%
Yellow
Pikachu
97.8%
HeartGold/
SoulSilver
Bulbasaur
97.8%
HeartGold/
SoulSilver
Charmander
97.8%
HeartGold/
SoulSilver
Squirtle
97.8%
X and Y
Aerodactyl
97.3%
X and Y
Omanyte
96.7%
XD Gale of Darkness
Eevee
96.2%
Red/
Blue/
Yellow/
FireRed/
LeafGreen
Kabuto
95.6%
Black/
White/
Black2/
White2
Kabuto
95.6%
Gold/
Silver/
HeartGold/
SoulSilver
Eevee
95.2%
Red/
Blue/
Yellow/
FireRed/
LeafGreen
Aerodactyl
95.1%
Black/
White/
Black2/
White2
Aerodactyl
95.1%
Red/
Blue/
Yellow/
FireRed/
LeafGreen
Eevee
94.7%
Gold/
Silver/
Crystal/
HeartGold/
SoulSilver
Cyndaquil
94.7%
Gold/
Silver/
Crystal/
HeartGold/
SoulSilver
Eevee
94.7%
XD Gale of Darkness
Cyndaquil
94.7%
Diamond/
Pearl/
Platinum
Eevee
94.2%
Black/
White/
Black2/
White2
Omanyte
94.2%
Black2/
White2
Eevee
94.2%
Red/
Blue/
Yellow/
FireRed/
LeafGreen
Omanyte
93.8%
Emerald
Cyndaquil
93.8%
Gold/
Silver/
Crystal/
HeartGold/
SoulSilver
Chikorita
93.3%
XD Gale of Darkness
Chikorita
93.3%
Red/
Blue/
Yellow/
FireRed/
LeafGreen
Magikarp
92.9%
Gold/
Silver/
Crystal/
HeartGold/
SoulSilver
Togepi
92.9%
Emerald
Chikorita
92.9%
Emerald
Totodile
92.9%
FireRed/
LeafGreen
Togepi
92.9%
XD Gale of Darkness
Shadow Togepi
92.9%
XD Gale of Darkness
Totodile
92.9%
Platinum
Togepi
92.9%
Gold/
Silver/
Crystal/
HeartGold/
SoulSilver
Totodile
92.4%
Black/
White/
Black2/
White2
Magikarp
92.4%
Game Recieved In
Pokemon Received
% Correct
Red/
Blue/
Yellow/
FireRed/
LeafGreen
Porygon
91.4%
Gold/
Silver/
Crystal/
HeartGold/
SoulSilver
Porygon
91.3%
HeartGold/
SoulSilver
Torchic
90.7%
HeartGold/
SoulSilver
Mudkip
90.2%
Ruby/
Sapphire/
Emerald
Torchic
89.8%
Ruby/
Sapphire/
Emerald
Mudkip
89.8%
Gold/
Silver/
HeartGold/
SoulSilver
Dratini
89.4%
Ruby/
Sapphire/
Emerald
Treecko
89.3%
HeartGold/
SoulSilver
Treecko
89.3%
Black/
White/
Black2/
White2
Tepig
89.3%
Diamond/
Pearl/
Platinum
Piplup
88.9%
Platinum
Porygon
88.9%
X and Y
Shieldon
88.5%
Diamond/
Pearl/
Platinum
Turtwig
88.4%
Black/
White/
Black2/
White2
Snivy
88.4%
Crystal/
HeartGold/
SoulSilver
Dratini
87.6%
Diamond/
Pearl/
Platinum
Chimchar
87.6%
Black/
White/
Black2/
White2
Oshawott
87.6%
X and Y
Lileep
87.4%
X and Y
Cranidos
87.4%
White2
Shiny Dratini
87.1%
X and Y
Anorith
86.3%
Crystal
Pichu
85.8%
X and Y
Chespin
85.7%
X and Y
Archen
85.7%
X and Y
Fennekin
85.2%
X and Y
Froakie
85.2%
X and Y
Tyrunt
85.2%
X and Y
Lucario
84.6%
X and Y
Tirtouga
84.6%
Crystal
Cleffa
84%
Black/
White/
Black2/
White2
Lileep
84%
Crystal
Elekid
83.6%
Black/
White/
Black2/
White2
Anorith
83.1%
Crystal
Magby
82.7%
Black/
White/
Black2/
White2
Shieldon
82.7%
Crystal
Igglybuff
81.8%
Black/
White/
Black2/
White2
Cranidos
81.8%
Black/
White/
Black2/
White2
Archen
81.3%
X and Y
Amaura
81.3%
Crystal
Smoochum
80.9%
Game Recieved In
Pokemon Received
% Correct
Red/
Blue/
Yellow/
FireRed/
LeafGreen
Abra
79.9%
Gold/
Silver/
Crystal/
HeartGold/
SouSilver
Abra
79.7%
Colosseum
Espeon
78.7%
Black/
White/
Black2/
White2
Tirtouga
78.7%
X and Y
Lapras
78.6%
Ruby/
Sapphire/
Emerald
Wynaut
78.2%
Colosseum
Umbreon
78.1%
Diamond/
Pearl
Happiny
75.1%
Red/
Blue/
Yellow/
FireRed/
LeafGreen
Lapras
74.7%
Black2/
White2
Happiny
74.2%
Diamond/
Pearl/
Platinum
Riolu
72.9%
Red/
FireRed/
Yellow
Scyther
69.1%
Blue/
LeafGreen/
Yellow
Pinsir
68.6%
Black2
Shiny Gible
66.7%
Gold/
Silver/
Crystal/
HeartGold/
SoulSilver
Tyrogue
64%
Colosseum
Ho-Oh
60.9%
Gold/
Silver/
Crystal/
HeartGold/
SoulSilver
Spearow
60.4%
Red/
Blue/
Yellow/
FireRed/
LeafGreen
Clefairy
55.5%
Red/
Blue/
Yellow/
FireRed/
LeafGreen
Hitmonchan
53.8%
Ruby/
Sapphire/
Emerald
Beldum
53.8%
Red/
Blue/
Yellow/
FireRed/
LeafGreen
Hitmonlee
53.3%
Gold/
Silver/
Crystal/
HeartGold/
SoulSilver
Shuckle
51.6%
Black/
White/
Black2/
White2
Zorua
50.2%
Black/
White
Larvesta
50.2%
Black/
White
Pansage
48.9%
Black/
White
Pansear
48.9%
Black/
White
Panpour
48.9%
Blue
Nidorino
48.3%
Red
Nidorina
47.8%
Gold/
Silver/
HeartGold/
SoulSilver
Mr. Mime
47.8%
Silver/
SoulSilver
Sandshrew
46.4%
Gold/
HeartGold
Ekans
45.4%
Ruby/
Sapphire/
Emerald
Castform
43.6%
Yellow
Vulpix
42%
Crystal
Larvitar
37.7%
Colosseum
Plusle
35.1%
Crystal
Wobbuffet
32.4%
Crystal
Cubone
29%
Black2/
White2
Deerling
28%
Yellow
Wigglytuff
23.7%
Quiz Playlist
Details
Report
Send in Message
Add To Playlist
More Info:
Does not include Event Pokemon
Classic:
Type in answers that appear in a list
Last Updated: Feb 16, 2017
Quiz Scoreboard
CHALLENGE
Sign Up to Join the Scoreboard
Show All
Scores
Hide
Comments
May contain spoilers
Recently Published
Colored Red Africa Blitz
by spor1
Geography
30s
Find the 'City' Movie
by crazypaving
Movies
60s
5x2 Blitz: Bands
by SL_Kpop136
Music
30s
More to Explore
Quiz From the Vault
Featured Blog Post
14 Easter Pick-up Lines to Find Eggs With
hide this ad
You Might Also Like...
Tags
Pokémon Quiz
Extra
gift
Received
Trading
Wide Receivers
Today's Top Quizzes in Gaming
Browse Gaming
hide this ad
Today's Top Quizzes in Pokémon
Browse Pokémon
Top Contributed Quizzes in Gaming
1
Dead By Daylight Logic Puzzle
2
Destiny 2 exotic weapons by perk icons
3
League of Legends Pro Players by Career/Team History
4
Genshin Impact Logic Puzzle Quiz II
5
Windmill: Elements
6
Minecraft Typing Challenge
7
Pokémon Spelling Bee
8
Genshin murder mystery
9
Legendary or Exotic?
10
Overwatch 2: Ultimate Ability Icons
Explore More
Trending Topics
Marvel
Anime
Harry Potter
Disney
Crossword
Kpop
NBA
NFL
Country
Puzzle
Pokémon
WWE
The Office
Soccer
Song
hide this ad
More By:
enation24
Quiz
Plays
Rating
Category
Featured
Created
Black Ops 2 Zombies Weapons
3,143
3.60
Gaming
Feb 4, 2013
Minecraft Grab Bag
2,150
3.59
Gaming
Sep 12, 2013
Minecraft Crafting
2,071
3.89
Gaming
Feb 12, 2013
Black Ops 2 Zombies Pack a Punched Weapons
1,499
4.20
Gaming
Feb 10, 2013
Call of Duty Ghosts Multiplayer Weapons
1,438
5.00
Gaming
Nov 7, 2013
Go to Creator's Profile
Score Distribution
Quiz Creator Spotlight
enation24
Follow
Send a Message
Quizzes Created
-
Created Quiz Play Count
-
More By This Creator
Popular Quizzes Today
1
Find the 'City' Movie
2
5x2 Blitz: Bands
3
Colored Red Africa Blitz
4
Find the US States - No Outlines Minefield
5
The Countries of the World
6
Find the US States
7
9x9 Crossword: Cartoon Network
8
US States
More Gaming Quizzes
'Of' Video Game Titles
Published
Trending Quizzes
Colored Red Europe Blitz I
Colored Red Africa Blitz II
Colored Red Africa Blitz III
Colored Red Europe Blitz III
Colored Red Europe Blitz II
Recently Updated
Champions League XIs: Real Madrid
pecheneg
Largest US Cities 1790-2010
pecheneg
Rides in Walt Disney World
pecheneg
Most Oscar Losses (Acting)
pecheneg
Beyoncé Albums
pecheneg
Leaping Animals
pecheneg
Reality TV Shows (A-Z)
bhenderson79
Rickey Henderson's Hall of Fame Teammates
pecheneg
Champions League XIs: Arsenal
pecheneg
Quick Pick: Celebrities in WWE's Hall of Fame
aduchscher
Trending Topics
Marvel
Anime
NBA
Crossword
Harry Potter
Kpop
Disney
Country
Soccer
Song
Puzzle
The Office
NFL
WWE
Pokémon
Your Account Isn't Verified!
In order to create a playlist on Sporcle, you need to verify the email address you used during registration. Go to your
Sporcle Settings
to finish the process.
Report this User
Report this user for behavior that violates our
Community Guidelines
.
Details:
Send Report
Go to the Sporcle.com Mobile Site →
Comments